| 000 | 00454nam a22001457a 4500 | ||
|---|---|---|---|
| 003 | SGT | ||
| 082 |
_a611 _bS23N |
||
| 100 | _aNANDEDKAR, ASHALATA N. | ||
| 245 | _aSELF ASSESSMENT BOOKS JOSHI'S BASIC & APPLIED ANATOMY & PHYSIOLOGY FOR HEALTH CARE STUDENTS | ||
| 260 |
_aINDIA _bWOLTERS KLUWER PUB _c2023 |
||
| 300 | _a156 | ||
| 650 | _aANATOMY | ||
| 653 | _aJOSHI'S BASIC & APPLIED ANATOMY & PHYSIOLOGY FOR HEALTH CARE STUDENTS | ||
| 942 |
_2ddc _cBK |
||
| 999 |
_c27298 _d27298 |
||